<A> Test of intertemporal model of current account: evidence from the Czech Republic, Hungary, Poland and Slovakia

Konštrukcia jednoduchého medzičasového modelu bežného účtu. Jeho aplikácia vo vybraných krajinách.

Saved in:
Bibliographic Details
Main Author: Pošta, Vít
Format: Book Chapter
Language:English
Subjects:
Tags: Add Tag
No Tags, Be the first to tag this record!

MARC

LEADER 00000naa a2200000 4500
001 0180660
005 20231208073425.6
041 0 |a eng 
044 |a SK 
245 1 0 |a <A> Test of intertemporal model of current account: evidence from the Czech Republic, Hungary, Poland and Slovakia  |c Vít Pošta 
520 |a Konštrukcia jednoduchého medzičasového modelu bežného účtu. Jeho aplikácia vo vybraných krajinách. 
610 2 0 |a Slovensko 
610 2 0 |a Česko 
610 2 0 |a Maďarsko 
610 2 0 |a Poľsko 
610 2 0 |a modely ekonometrické 
610 2 0 |a metóda Value at Risk 
100 1 |a Pošta, Vít